| 000 | 00572nam a2200169 4500 | ||
|---|---|---|---|
| 999 |
_c14570 _d14570 |
||
| 008 | 191011b ||||| |||| 00| 0 eng d | ||
| 082 |
_22019 _aDFil 657.076 _bF91 |
||
| 100 |
_aFrias, Solita _940295 |
||
| 245 |
_aPractice set in practical accounting/ _cSolita A. Frias, Ma. Elenita B. Cabrera. |
||
| 250 | _a2019 Edition | ||
| 260 |
_aPhilippines : _bGrace Corporation, _c2019. |
||
| 300 |
_axi, 87 pages ; _c27 cm. |
||
| 650 |
_aAccounting | -- problems, exercises, etc _931634 |
||
| 700 |
_aCabrera, Ma. Elenita B. _940296 |
||
| 365 |
_b795.00 _cPhp |
||
| 942 |
_2ddc _cDFIL |
||